LEADER 01154nam a2200277 4500 001 000000360960 003 CaOOAMICUS 005 20241204102755.0 008 241202s1992 it 000 u ita r 040 $aSeMil$bita 100 1 $aXenophon,$d.$0(OLS)http://semarc/name/7990 245 13$aLa tirannide /$cSenofonte ; a cura di Gennaro Tedeschi ; con una nota di Luciano Canfora. 250 $a2. ed. 264 1$aPalermo :$bSellerio,$c1992. 300 $a74 p. ;$c17 cm 490 1 $aLa memoria ;$v137 650 4$aSenofonte - Opere.$0(OLS)http://semarc/subject/4259 700 1 $aCanfora, Luciano,$d<1942- >.$0(OLS)http://semarc/name/1024 700 1 $aTedeschi, Gennaro,$d<1948- >.$0(OLS)http://semarc/name/29785 830 3$aLa memoria ;$v137.$0(OLS)http://semarc/title/10970 850 $aSeMil 852 $aSeMil$W1$xVenegono$y1$m1X I 265$j253017$B251945$CSeMilBibl$Z2$F251945 $81 961 $aBuzzi mons. Franco - Omaggio 996 $6245$aLa tirannide$9(OLS)http://semarc/title/451562 996 $6264$aPalermo :$bSellerio$9(OLS)http://semarc/publisher/32246 LEADER 01256nam a2200265 i 4500 001 000000070857 003 CaOOAMICUS 005 20081002000000.0 008 081002s1964 it u000 u ita u 013 $a42029 040 $aSeMil$bita 100 1 $aMoschetti, Andrea Mario <1908- >.$0(OLS)http://semarc/name/3118 245 12$aL'irrazionale nella storia /$cAndrea Mario Moschetti. 260 $aBologna :$bPātron,$c1964. 300 $aXI, 417 p. ;$c23 cm. 490 0 $aCollana di saggi e ricerche ;$v1 650 4$aIrrazionalismo.$0(OLS)http://semarc/subject/14135 650 4$aIrrazionale - Concezione [di] Hegel, Georg Wilhelm Friedrich.$0(OLS)http://semarc/subject/14136 650 4$aSchopenhauer, Arthur <1788-1860> - Concetto di irrazionale.$0(OLS)http://semarc/subject/14137 650 4$aBerdjaev, Nikolaj Aleksandrovi? <1874-1948> - Concetto di irrazionale.$0(OLS)http://semarc/subject/14138 830 0$aCollana di saggi e ricerche ;$v1.$0(OLS)http://semarc/title/402692 850 $aSeMil 852 $aSeMil$W1$xVenegono$y1$m2P III 212$j37010$B37010$CSeMilBibl$Z2$F37013 $81 996 $6245$aL'irrazionale nella storia$9(OLS)http://semarc/title/113836 996 $6260$aBologna :$bPātron$9(OLS)http://semarc/publisher/30073